Every 100,000+ City in Norway in Order - Statistics

General Stats
  • This quiz has been taken 73 times
    24 since last reset
  • The average score is 7 of 8
Answer Stats
Letter Population City % Correct
B 401,470 Bergen
100%
O 1,172,039 Oslo
100%
S 241,348 Stavanger
100%
T 230,792 Trondheim
100%
D 119,748 Drammen
95%
K 126,089 Kristiansand
95%
A 102,347 Asker
50%
S 106,183 Sandvika
25%
No matching quizzes found
Score Distribution
Percent of People with Each Score
Percentile by Number Answered
Your Score History
You have not taken this quiz since the last reset